Đang tải...
South Indian field Crops
| Tác giả chính: | |
|---|---|
| Định dạng: | Printed Book |
| Ngôn ngữ: | Undetermined English |
| Được phát hành: |
Madras
Central alt press
1960
|
| Những chủ đề: |
| LEADER | 00530nam a2200169Ia 4500 | ||
|---|---|---|---|
| 008 | 140306s9999 xx 000 0 und d | ||
| 041 | |a eng | ||
| 082 | |a 633 |b SUB/SO | ||
| 100 | |a Subbiah, Mudaliar | ||
| 245 | |a South Indian field Crops | ||
| 260 | |a Madras |b Central alt press |c 1960 | ||
| 300 | |a 407 | ||
| 365 | |b Rs.15 | ||
| 650 | |a Field Crops | ||
| 942 | |2 ddc |c BK | ||
| 999 | |c 116288 |d 116288 | ||
| 952 | |0 0 |1 0 |2 ddc |4 0 |6 633_000000000000000_SUBSO |7 0 |9 114908 |a KAUHCV |b KAUHCV |d 2004-04-27 |g 15.00 |o 633 SUB/SO |p KAU_HCV-230 |r 2014-03-22 |w 2014-03-22 |y BK | ||